| 000 | 00655 a2200193 4500 | ||
|---|---|---|---|
| 020 | _a9027718474 | ||
| 020 | _a9789027718471 | ||
| 082 | _a530.15 | ||
| 090 |
_c1512 _d1512 |
||
| 100 | 1 | _aIbragimov, N.H. | |
| 245 | 1 | 0 |
_aTransformation groups applied to mathematical physics / _cN.H. Ibragimov. |
| 250 | _a1985th ed. | ||
| 260 |
_a[S.l.] : _bSpringer, _c1984. |
||
| 300 |
_a412 p. ; _c24 cm. |
||
| 490 | 1 | _aMathematics and its applications. | |
| 830 | 0 | _aMathematics and its applications. | |
| 942 |
_aSNS _cBK _k530.15 IBR |
||
| 999 |
_c30123 _d30123 |
||